| 000 -ლიდერი |
| ფიქსირებული სიგრძის საკონტროლო ველი |
01791nam a22002417a 4500 |
| 003 - საკონტროლო ნომრის იდენტიფიკატორი |
| საკონტროლო ველი |
Ge_BSU |
| 005 - ბოლო ოპერაციის თარიღი და დრო |
| საკონტროლო ველი |
20240726113803.0 |
| 008 - ფიქსირებული სიგრძის მონაცემთა ელემენტები - ზოგადი ინფორმაცია |
| ფიქსირებული სიგრძის საკონტროლო ველი |
240726s2016 ge ||||| |||| 00| 0 geo d |
| 020 ## - წიგნის საერთაშორისო სტანდარტული ნომერი |
| International Standard Book Number |
9789941468148 |
| 041 ## - ენის კოდი |
| Language code of text/sound track or separate title |
geo |
| 080 ## - უნივერსალური ათობითი კლასიფიკაციის ინდექსი |
| Universal Decimal Classification number |
94(395)(031)ა-69 |
| 245 ## - ცნობა სათაურის შესახებ |
| Title |
ანტიკური კავკასია : ენციკლოპედია |
| Remainder of title |
ტ. II, 2, ბ-ი / |
| Statement of responsibility, etc |
რედაქტორები: რისმაგ გორდეზიანი, მაია დანელია ; ყდის დიზაინი ნიკა მაჩაიძისა. |
| 264 ## - წარმოების, გამოცემის, დისტრიბუციის და სხვა ცნობები |
| გამოცემის, წარმოების, დისტრიბუციის... ადგილი |
თბილისი : |
| გამოცემის, წარმოების, დისტრიბუციის... სახელწოდება |
ლოგოსი, |
| გამოცემის, წარმოების, დისტრიბუციის... თარიღი |
2016. |
| 300 ## - ფიზიკური აღწერა |
| Extent |
243 გვ.: |
| Other physical details |
29 სმ. |
| 440 ## - სერიის ცნობა / დამატებულია ჩანაწერი - სათაური |
| Title |
პროგრამა ”ლოგოსი” : პუბლიკაციები და ღონისძიებები კლასიკური ფილოლოგიის, ბიზანტინისტიკისა და ნეოგრეცისტიკის სფეროში |
| 9 (RLIN) |
3642 |
| 505 ## - FORMATTED CONTENTS NOTE |
| Formatted contents note |
ბიბლიოგრ.: გვ. 7-9. |
| 653 ## - INDEX TERM--UNCONTROLLED |
| Uncontrolled term |
ენციკლოპედია -- ანტიკური კავკასია. |
| 653 ## - INDEX TERM--UNCONTROLLED |
| Uncontrolled term |
Encyclopedia -- Caucasus Antiquu. |
| 700 ## - ADDED ENTRY--PERSONAL NAME |
| Personal name |
გორდეზიანი, რისმაგ |
| Relator term |
რედაქტორი |
| 9 (RLIN) |
22975 |
| 700 ## - ADDED ENTRY--PERSONAL NAME |
| Personal name |
დანელია, მაია |
| Relator term |
რედაქტორი და სხვ. |
| 9 (RLIN) |
14583 |
| 710 ## - ADDED ENTRY--CORPORATE NAME |
| Corporate name or jurisdiction name as entry element |
ივანე ჯავახიშვილის სახ. თბილისის სახელმწ. უნ-ტი, კლასიკური ფილოლოგიის, ბიზანტინისტიკისა და ნეოგრეცისტიკის ინ-ტი ; |
| 9 (RLIN) |
13901 |
| 942 ## - ADDED ENTRY ELEMENTS (KOHA) |
| Source of classification or shelving scheme |
|
| Koha item type |
წიგნი |